Представление документа в формате RUSMARC

ПолеНазваниеЗначение
  Тип записи a
  Библиографический уровень m
001 Контрольный номер RU\bookru\bibl\920703
003 Постоянный идентификатор записи http://www.book.ru/book/920703
005 Дата корректировки 20161026112538.3
010 Индекс ISBN __
a ISBN 978-5-406-02130-9
100 Данные общей обработки 0_
a Данные общей обработки 20160901d2016 mk y0rusy50 ca
101 Язык документа 0_
a Язык текста Русский
102 Страна публикации __
a Страна публикации RU
105 Кодированные данные (монография) __
a Кодированные данные (монография) y ||||000yy
200 Заглавие и сведения об ответственности 1_
a Заглавие Общая теория статистики (для бакалавров)
210 Выходные данные __
a Место издания Москва
c Издательство КноРус
d Дата издания 2016
215 Физическое описание __
a Объем 425
330 Аннотация __
a Аннотация Рассмотрены методы статистического исследования: вариационный, корреляционный и регрессионный анализ. Приведены статистические методы анализа рядов динамики и многомерного статистического анализа.Проанализированы вопросы организации статистики, статистического наблюдения, группировки, методов статистического анализа. Содержит математико-статистические таблицы, обзор основных понятий и контрольные вопросы. Соответствует ФГОС ВО 3+. Для преподавателей, студентов бакалавриата, обучающихся по финансово-экономическим специальностям. Может быть полезен экономистам и статистикам в их профессиональной деятельности.
606 Тематические рубрики __
a Основная рубрика Статистика
2 Код системы local
608 Указатель предметных рубрик __
a Жанр/форма Учебное пособие
2 Код системы local
675 Индекс УДК __
a Индекс УДК 311(075.8)
z Язык издания rus
686 Индексы других классификаций __
a Классификационный индекс 60.6я73
2 Код системы rubbk
700 Автор _1
a Фамилия Илышев А.М., Шубат О.М.
801 Источник записи _1
a Страна RU
b Организация book_ru
c Дата составления 20160901
g Правила каталогизации RCR
856 Электронный адрес документа 4_
u Универсальный указатель ресурса (URL) http://www.book.ru/book/920703
951 __
a http://www.book.ru/book/920703